Beginnings and beyond : (Record no. 51786)

MARC details
000 -LEADER
fixed length control field 02181cam a2200409 a 4500
001 - CONTROL NUMBER
control field 15993526
003 - CONTROL NUMBER IDENTIFIER
control field OSt
005 - DATE AND TIME OF LATEST TRANSACTION
control field 20171129100254.0
008 - FIXED-LENGTH DATA ELEMENTS--GENERAL INFORMATION
fixed length control field 091123s2011 caua b 001 0 eng d
010 ## - LIBRARY OF CONGRESS CONTROL NUMBER
LC control number 2009942071
020 ## - INTERNATIONAL STANDARD BOOK NUMBER
International Standard Book Number 9780495808176
020 ## - INTERNATIONAL STANDARD BOOK NUMBER
International Standard Book Number 0495808172
035 ## - SYSTEM CONTROL NUMBER
System control number (OCoLC)ocn432983999
040 ## - CATALOGING SOURCE
Original cataloging agency BTCTA
Transcribing agency BTCTA
Modifying agency CPA
-- DLC
042 ## - AUTHENTICATION CODE
Authentication code lccopycat
050 00 - LIBRARY OF CONGRESS CALL NUMBER
Classification number LB1139.23
Item number .G66 2011
082 04 - DEWEY DECIMAL CLASSIFICATION NUMBER
Classification number 372.21
Edition number 22
100 1# - MAIN ENTRY--PERSONAL NAME
Personal name Gordon, Ann Miles.
245 10 - TITLE STATEMENT
Title Beginnings and beyond :
Remainder of title foundations in early childhood education /
Statement of responsibility, etc Ann Miles Gordon, Kathryn Williams Browne.
246 33 - VARYING FORM OF TITLE
Title proper/short title Foundations in early childhood education
250 ## - EDITION STATEMENT
Edition statement 8th ed.
260 ## - PUBLICATION, DISTRIBUTION, ETC. (IMPRINT)
Place of publication, distribution, etc Belmont, CA :
Name of publisher, distributor, etc Wadsworth, Cengage Learning,
Date of publication, distribution, etc c2011.
300 ## - PHYSICAL DESCRIPTION
Extent xix, 572 p. :
Other physical details ill. (chiefly col.) ;
Dimensions 29 cm.
504 ## - BIBLIOGRAPHY, ETC. NOTE
Bibliography, etc Includes bibliographical references and indexes.
505 0# - FORMATTED CONTENTS NOTE
Formatted contents note History of early childhood education -- Types of programs -- Defining the young child -- Developmental and learning theories -- Teaching : a professional commitment -- Observation and assessment of children -- Guiding children's behavior -- Families and teachers : partners in education -- Creating environments -- Curriculum : creating a context for learning and play -- Planning for the body : physical/motor development -- Planning for the mind : cognitive development -- Planning for the mind : language development -- Planning for heart and soul : psychosocial development -- Issues and trends in early childhood education.
650 #0 - SUBJECT ADDED ENTRY--TOPICAL TERM
Topical term or geographic name as entry element Early childhood education.
650 #0 - SUBJECT ADDED ENTRY--TOPICAL TERM
Topical term or geographic name as entry element Early childhood education
General subdivision Curricula.
650 #0 - SUBJECT ADDED ENTRY--TOPICAL TERM
Topical term or geographic name as entry element Child development.
700 1# - ADDED ENTRY--PERSONAL NAME
Personal name Browne, Kathryn Williams.
856 42 - ELECTRONIC LOCATION AND ACCESS
Materials specified Contributor biographical information
Uniform Resource Identifier <a href="http://www.loc.gov/catdir/enhancements/fy1105/2009942071-b.html">http://www.loc.gov/catdir/enhancements/fy1105/2009942071-b.html</a>
856 42 - ELECTRONIC LOCATION AND ACCESS
Materials specified Publisher description
Uniform Resource Identifier <a href="http://www.loc.gov/catdir/enhancements/fy1105/2009942071-d.html">http://www.loc.gov/catdir/enhancements/fy1105/2009942071-d.html</a>
856 41 - ELECTRONIC LOCATION AND ACCESS
Materials specified Table of contents only
Uniform Resource Identifier <a href="http://www.loc.gov/catdir/enhancements/fy1105/2009942071-t.html">http://www.loc.gov/catdir/enhancements/fy1105/2009942071-t.html</a>
906 ## - LOCAL DATA ELEMENT F, LDF (RLIN)
a 7
b cbc
c copycat
d 2
e ncip
f 20
g y-gencatlg
942 ## - ADDED ENTRY ELEMENTS (KOHA)
Source of classification or shelving scheme Library of Congress Classification
Koha item type Book
Holdings
Withdrawn status Lost status Source of classification or shelving scheme Damaged status Not for loan Collection code Home library Current library Shelving location Date acquired Source of acquisition Cost, normal purchase price Full call number Barcode Copy number Price effective from Koha item type Total Checkouts
    Library of Congress Classification     Non-fiction Bishop Okullu Memorial Library (Limuru Campus) Bishop Okullu Memorial Library (Limuru Campus) General Circulation 29/11/2017 donation-BFA 2300.00 LB1139.23 .G66 2011 056888 1 29/11/2017 Book  
    Library of Congress Classification     Non-fiction Nakuru Campus Nakuru Campus General Circulation 29/11/2017 donation-BFA 2300.00 LB1139.23 .G66 2011 056889 2 29/11/2017 Book